000 00794nam a2200229Ia 4500
999 _c36031
_d36031
003 GCL
005 20240530103011.0
008 140319s9999 xx 000 0 ara d
040 _aGCL /
_cGCL
082 0 4 _a230
_bع ر
100 1 _aعبدالحليم محمود
245 1 0 _aالروضة الناضرة لطالبى الاخرة فى احاديث الرسول صلى الله عليه وسلم الزاهرة /
_cعبدالحليم محمود
260 _a[S.N] :
_bالهيئة المصرية العامة للكتاب ،
_c1990
300 _a316 ص
650 0 4 _aالاسلام
650 0 4 _aالحديث
650 0 4 _aالاحكام
650 0 4 _aجمع وتدوين
700 1 _aعبدالفتاح القاضى
700 1 _aعبدالجليل قاسم
942 _2ddc
_cBK